00301nam a2200121Ia 4500008004100000041000800041082001500049100001700064245004100081260002500122365001500147700001700162230718s9999 xx 000 0 und d aeng a571.8bREI aReilly W. J. aHow To Get What You Want Out Of Life c1987bHarper And Rao cRs.b95.00 aReilly W. J.